000
00302nam a2200121Ia 4500
008
211105s9999 xx 000 0 und d
020
_a
VYASA05302
100
_a
Singh Inderbir
245
0
_a
Human Neuoanatomy
250
_a
\N
260
_b
Jaypee Brothers Medical Pubkishers pvt ltd
_c
\N
300
_a
306p.
999
_c
8056
_d
8056